Loading...

മലയാള ഭാഷാ ചരിത്രം /

Bibliographic Details
Main Author: ഗോവിന്ദപിള്ള, പി
Other Authors: Govinda Pillai, P
Format: Printed Book
Language:English
Published: തിരുവനന്തപുരം : 1896.
Edition:1st ed.
Subjects:
LEADER 00714nam a22001817a 4500
008 180316b xxu||||| |||| 00| 0 eng d
999 |c 21855  |d 21855 
082 |a P 894.1009  |b GOV 
100 |a ഗോവിന്ദപിള്ള, പി 
240 |a Malayala Basha Charithram 
245 |a മലയാള ഭാഷാ ചരിത്രം /  |c പി ഗോവിന്ദപിള്ള 
250 |a 1st ed. 
260 |a തിരുവനന്തപുരം :  |c 1896. 
300 |a 94p. 
650 |a Linguistics 
700 |a Govinda Pillai, P 
942 |2 ddc  |c REF 
952 |0 0  |1 0  |2 ddc  |4 0  |5 1  |6 P_894_100900000000000_GOV  |7 0  |9 30324  |a MAIN  |b MAIN  |d 2018-03-16  |e Gift  |g 5.00  |o P 894.1009 GOV  |p 25131  |r 2018-03-16  |t 1  |w 2018-03-16  |y REF